[Event "Reykjavik op"]
[Site "Reykjavik"]
[Date "2023.03.29"]
[Round "1"]
[White "Brynjarsson, Nokkvi Holm"]
[Black "Attinger, Roman Rae"]
[Result "0-1"]
[WhiteElo "1022"]
[BlackElo "1768"]
[PlyCount "46"]
[EventDate "2023.03.29"]
[EventType "swiss"]
[EventRounds "9"]
[EventCountry "ISL"]
[SourceTitle "CBM 213 Extra"]
[Source "ChessBase"]
[SourceDate "2023.05.31"]
[SourceVersion "1"]
[SourceVersionDate "2023.05.31"]
[SourceQuality "1"]

1. e4 c6 2. d4 d5 3. exd5 cxd5 4. Bd3 Nc6 5. c3 Nf6 6. Bf4 Bg4 7. f3 Bh5 8. Qb3 Qd7 9. Ne2 e6 10. 0-0 Be7 11. Na3 a6 12. Qc2 Bg6 13. Bxg6 hxg6 14. b4 b5 15. Nb1 Rc8 16. a4 Nxb4 17. Qd2 Nc6 18. axb5 axb5 19. Na3 b4 20. Nb5 bxc3 21. Qxc3 0-0 22. Rfe1 Nxd4 23. Nc7 Nb5 0-1